000
00320nam a2200121Ia 4500
008
220204s9999 xx 000 0 und d
082
_a
632.7
_b
ATW
100
_a
ATWAL, A S
245
0
_a
Agricultural pests of India and south east Asia
260
_a
Delhi
_b
Kalyani pub
_c
1976
650
_a
Agricultural pest
942
_c
BK
999
_c
24702
_d
24702